| 000 | 00890cam a2200277 a 4500 | ||
|---|---|---|---|
| 001 | 3819 | ||
| 005 | 20251212135512.0 | ||
| 020 | _a0789492628 | ||
| 020 | _a9780789492623 | ||
| 040 |
_aDLC _cDLC _dDLC _beng |
||
| 050 | 0 | 0 |
_aPN6728.H8 _b 2003 |
| 082 | 0 | 0 | _a741.5 |
| 100 | 1 | _aTeitelbaum, Michael | |
| 245 | 1 | 4 |
_aThe story of the Incredible Hulk / _cwritten by Michael Teitelbaum |
| 250 | _aFirst American Edtion , 2003 | ||
| 260 |
_aNew York : _bDK Publishing ; _c2003 |
||
| 300 |
_a48 pages : _bcolor illustrations ; _c23 cm. |
||
| 490 | _aDK Readers | ||
| 505 | 0 | _aG | |
| 520 | _aDescribes the comic book character called the Incredible Hulk, created by writer Stan Lee and artist Jack Kirby. | ||
| 521 |
_a340
_bLexile |
||
| 521 |
_aG
_bRaz-Plus |
||
| 650 |
_aHulk _vJuvenile Fiction |
||
| 906 |
_a7 _bcbc _corignew _d1 _eecip _f20 _gy-gencatlg |
||
| 942 |
_2ddc _cBK _n0 |
||
| 999 |
_c3819 _d3819 |
||